KOHA-Header-6

Supply Chain Management and Corporate Governance: Artificial Intelligence, Game Theory and Robust Optimisation (Record no. 13795)

000 -LEADER
fixed length control field 00409nam a22001217a 4500
020 ## - INTERNATIONAL STANDARD BOOK NUMBER
ISBN 9781032210407
082 ## - DEWEY DECIMAL CLASSIFICATION NUMBER
Classification number 658.8
100 ## - MAIN ENTRY--AUTHOR NAME
Personal name Catherine Xiaocui Lou, Sardar M. N. Islam and Nicholas Billington
245 ## - TITLE STATEMENT
Title Supply Chain Management and Corporate Governance: Artificial Intelligence, Game Theory and Robust Optimisation
260 ## - PUBLICATION, DISTRIBUTION, ETC. (IMPRINT)
Place of publication New York
Name of publisher Routledge
Year of publication 2023
300 ## - PHYSICAL DESCRIPTION
Number of Pages xvii, 267 pages
942 ## - ADDED ENTRY ELEMENTS (KOHA)
Koha item type Books
Holdings
Withdrawn status Lost status Collection code Permanent Location Current Location Shelving location Date acquired Full call number Accession Number Koha item type
    Computer Networking MAJU MAJU Shelf No.A33 2023-10-11 658.8 10901 Books

Powered by Koha